000
00334nam a2200145Ia 4500
008
150201s2008 xx 000 0 und d
082
_a
617
_b
S08B
100
_a
BALIGI, B.S.
245
_a
STEP BY STEP COLPOSCOPY
250
_a
1ST
260
_b
JAYPEE BROTHERS
_a
DELHI
_c
2008
300
_a
1-256
650
_a
SURGERY
942
_2
ddc
_c
BK
999
_c
151
_d
151